Účetnictví v obchodním podniku /

Hlavní autor: Klozar, Jiří, 1916-1996
Jazyk: Čeština
Vydáno: Praha : Vydavatelství vnitřního obchodu, 1959
Fyzický popis: 507 s. ; 8°
Knihy
Uloženo v:
LEADER 00798nam a22002532a 4500
001 001400774
003 CZ BrMZK
005 20140707082833.0
007 ta
008 140707s1959 xr er|||||||||||cze d
015 |a cnb000470724 
035 |a (OCoLC)85329095 
040 |a ABA001  |b cze  |c HKA001  |d ABA001  |d BOA001 
080 9 |a 657.4:381(021) 
100 1 |a Klozar, Jiří,  |d 1916-1996  |7 jk01060701  |4 aut 
245 1 0 |a Účetnictví v obchodním podniku /  |c Jiří Klozar 
260 |a Praha :  |b Vydavatelství vnitřního obchodu,  |c 1959 
300 |a 507 s. ;  |c 8° 
500 |a 5000 výt. 
504 |a Obsahuje bibliografii a rejstřík 
910 |a BOA001  |b 2-0432.235 
990 |a BK 
991 |b 201407 
996 6 |b 2619100294  |c 2-0432.235  |l MZK  |r Sklad / do 24 hodin  |n 0  |w 001435858  |u 000010  |a 1  |e BOA001  |j MZK50  |s P